000 00749cam a2200241 a 4500
001 000003781
005 20200929150552.0
008 710430s1973 sp 001 f spa
020 _a8401300991
040 _aDO-SdBNP
_bspa
_cBNPHU
041 1 7 _aspa
_heng
082 _a813.54
_bB644e, 1973
100 1 _aBlatty, William Peter.
_911501
240 1 4 _aThe exorcist.
_lEspañol.
245 1 3 _aEl exorcista /
_cWilliam Peter Blatty ; traducción Raquel Albornoz.
250 _a2a ed.
260 _aBarcelona :
_bPlaza & Janés,
_c1973.
300 _a[365] p. ;
_c20 cm.
534 _aTítulo original:
_tThe exorcist.
650 4 _aNovela estadounidense
_9262
650 4 _aLiteratura estadounidense
_9263
700 1 _aAlbornoz, Raquel ;
_etr.
_911118
999 _c3603
_d3603